61st Euroconstruct Conference (Record no. 105543)

MARC details
000 -LEADER
fixed length control field 01462cam a2200421 4500
001 - CONTROL NUMBER
control field ##L134102
008 - FIXED-LENGTH DATA ELEMENTS--GENERAL INFORMATION
fixed length control field 051216n2006 000 0 eng u
035 ## - SYSTEM CONTROL NUMBER
System control number (Sirsi) u134102
041 0# - LANGUAGE CODE
Language code of text/sound track or separate title eng
050 ## - LIBRARY OF CONGRESS CALL NUMBER
Classification number 338.4369094 $2 18
110 2# - MAIN ENTRY--CORPORATE NAME
Corporate name or jurisdiction name as entry element Euroconstruct Conference
Subordinate unit (61st: 2006 Amsterdam)
9 (RLIN) 5008
245 00 - TITLE STATEMENT
Title 61st Euroconstruct Conference
Remainder of title Amsterdam 2006
260 ## - PUBLICATION, DISTRIBUTION, ETC.
Place of publication, distribution, etc. Amsterdam
Name of publisher, distributor, etc. Economisch Instituut voor de Bouwnijverheid
Date of publication, distribution, etc. 2006
300 ## - PHYSICAL DESCRIPTION
Extent 2
Type of unit v.
Dimensions 30cm.
505 2# - FORMATTED CONTENTS NOTE
Formatted contents note Country Reports: Austria -- Belgium -- Czech Republic -- Denmark -- Finland -- France -- Germany -- Hungary -- Ireland -- Italy -- Netherlands -- Norway -- Poland -- Portugal -- Slovakia -- Spain -- Sweden -- Switzerland -- United Kingdom
505 2# - FORMATTED CONTENTS NOTE
Formatted contents note Summary report: the Euroconstruct network -- Prospects for the European construction markets 2006-08 -- Special topic: innovation in the building process: how to improve efficiency
651 #4 - SUBJECT ADDED ENTRY--GEOGRAPHIC NAME
Geographic name AUSTRIA
651 #4 - SUBJECT ADDED ENTRY--GEOGRAPHIC NAME
Geographic name BELGIUM
651 #4 - SUBJECT ADDED ENTRY--GEOGRAPHIC NAME
Geographic name CZECH REPUBLIC
651 #4 - SUBJECT ADDED ENTRY--GEOGRAPHIC NAME
Geographic name DENMARK
651 #4 - SUBJECT ADDED ENTRY--GEOGRAPHIC NAME
Geographic name FINLAND
651 #4 - SUBJECT ADDED ENTRY--GEOGRAPHIC NAME
Geographic name FRANCE
651 #4 - SUBJECT ADDED ENTRY--GEOGRAPHIC NAME
Geographic name GERMANY
651 #4 - SUBJECT ADDED ENTRY--GEOGRAPHIC NAME
Geographic name HUNGARY
651 #4 - SUBJECT ADDED ENTRY--GEOGRAPHIC NAME
Geographic name IRELAND
651 #4 - SUBJECT ADDED ENTRY--GEOGRAPHIC NAME
Geographic name ITALY
651 #4 - SUBJECT ADDED ENTRY--GEOGRAPHIC NAME
Geographic name NETHERLANDS
651 #4 - SUBJECT ADDED ENTRY--GEOGRAPHIC NAME
Geographic name NORWAY
651 #4 - SUBJECT ADDED ENTRY--GEOGRAPHIC NAME
Geographic name POLAND
651 #4 - SUBJECT ADDED ENTRY--GEOGRAPHIC NAME
Geographic name PORTUGAL
651 #4 - SUBJECT ADDED ENTRY--GEOGRAPHIC NAME
Geographic name SLOVAK REPUBLIC
651 #4 - SUBJECT ADDED ENTRY--GEOGRAPHIC NAME
Geographic name SPAIN
651 #4 - SUBJECT ADDED ENTRY--GEOGRAPHIC NAME
Geographic name SWEDEN
651 #4 - SUBJECT ADDED ENTRY--GEOGRAPHIC NAME
Geographic name SWITZERLAND
651 #4 - SUBJECT ADDED ENTRY--GEOGRAPHIC NAME
Geographic name United Kingdom
Chronological subdivision
690 ## - LOCAL SUBJECT ADDED ENTRY--TOPICAL TERM (OCLC, RLIN)
Topical term or geographic name as entry element BUILT ENVIRONMENT-CONSTRUCTION MARKET
942 ## - ADDED ENTRY ELEMENTS (KOHA)
Suppress in OPAC 0
Holdings
Withdrawn status Lost status Source of classification or shelving scheme Damaged status Not for loan Home library Current library Shelving location Date acquired Total Checkouts Full call number Barcode Date last seen Copy number Price effective from Koha item type
    Dewey Decimal Classification     London London Folio 10/07/2006   F338.4369094 EUR 30073099 06/08/2019 1 06/08/2019 Reference material